000 00846nam a22002177a 4500
999 _c18319
_d18319
005 20251125232905.0
008 s2534 th tha d
040 _aNALT
041 _atha
100 0 _aสุพิศ ปราณีตพลกรัง
245 1 0 _aเทคนิคเบื้องต้นสำหรับทนายความ
260 3 _aกรุงเทพฯ :
_bประยูรวงศ์,
_c2534
300 _a181 หน้า ;
_b 26 ซม.
650 0 4 _aทนายความ -- คู่มือ
650 0 4 _aทนายความ -- จริยธรรม
850 _aNALT
856 4 0 _uhttps://hdl.handle.net/20.500.14156/411468
_71
942 _cLB
_2lcc
_01
998 _j25
_k นีลวัสน์ อินทรักษา
090 _aKU134 ส832ท 2534